Cơ sở sinh học vi sinh vật T.2 Cơ sở sinh học vi sinh vật

Trình bày những kiến thức về công nghệ vi sinh và công nghệ sinh học, các quá trình lên men, quang hợp, cố định đạm, các quá trình thông tin di truyền ở vi sinh vật và những vấn đề chủ yếu của miễn dịch học

Αποθηκεύτηκε σε:
Λεπτομέρειες βιβλιογραφικής εγγραφής
Κύριος συγγραφέας: Nguyễn Thành Đạt
Μορφή: Βιβλίο
Γλώσσα:Vietnamese
Έκδοση: H. Đại học Sư phạm 2011
Έκδοση:Tái bản lần thứ 3
Θέματα:
Ετικέτες: Προσθήκη ετικέτας
Δεν υπάρχουν, Καταχωρήστε ετικέτα πρώτοι!
Thư viện lưu trữ: Mạng thư viện Đại học Đà Nẵng
LEADER 01960aam a22004698a 4500
001 000023062
003 19511
005 20150529100503.0
008 150527s2011 viesd
020 |c 51000đ  |d 1000b 
041 0 |a vie 
082 1 4 |2 14  |a 660.6  |b NG-Đ 
084 |a E4z73  |b C460S 
100 1 |a Nguyễn Thành Đạt 
245 1 0 |a Cơ sở sinh học vi sinh vật  |c Nguyễn Thành Đạt  |n T.2  |p Cơ sở sinh học vi sinh vật 
250 |a Tái bản lần thứ 3 
260 |a H.  |b Đại học Sư phạm  |c 2011 
300 |a 268 tr.  |b bảng  |c 24 cm. 
504 |a Thư mục: đầu sách 
520 |a Trình bày những kiến thức về công nghệ vi sinh và công nghệ sinh học, các quá trình lên men, quang hợp, cố định đạm, các quá trình thông tin di truyền ở vi sinh vật và những vấn đề chủ yếu của miễn dịch học 
650 0 4 |2 Bộ TK TVQG  |a Công nghệ sinh học  |x Vi sinh vật 
650 7 |2 Bộ TK TVQG 
650 7 |2 Bộ TK TVQG 
650 7 |2 Bộ TK TVQG 
653 |a Di truyền 
653 |a Công nghệ sinh học 
653 |a Vi sinh vật 
653 |a Miễn dịch học 
653 |a Lên men 
655 7 |2 Bộ TK TVQG  |a Giáo trình 
773 |a Nguyễn Thành Đạt  |b Tái bản lần thứ 1  |d H.  |d 2007  |d Đại học Sư phạm  |t Cơ sở sinh học vi sinh vật  |w 348886 
773 |b Lần thứ 3  |d Đại học Sư phạm  |d H.  |d 2011  |t Cơ sở sinh học vi sinh vật  |w 19510 
OWN |a LSP 
AVA |a UDN50  |b LSP  |d 660.6 NG-Đ  |e available  |t Error 5001 Not defined in file expand_doc_bib_avail.  |f 5  |g 0  |h N  |i 1  |k 1 
999 |a From the UDN01 
AVA |a UDN50  |b LSP  |d 660.6 NG-Đ  |e available  |t Error 5001 Not defined in file expand_doc_bib_avail.  |f 5  |g 0  |h N  |i 1  |k 1 
TYP |a Monograph 
TYP |a Printed language 
980 |a Mạng thư viện Đại học Đà Nẵng